James Donaldson grant, (Record no. 41587)

MARC details
000 -LEADER
fixed length control field 00697cpcaa2200217 4500
001 - CONTROL NUMBER
control field mm 79004635
003 - CONTROL NUMBER IDENTIFIER
control field DLC
005 - DATE AND TIME OF LATEST TRANSACTION
control field 20260227111647.0
008 - FIXED-LENGTH DATA ELEMENTS--GENERAL INFORMATION
fixed length control field 790423|||||||||||| eng
010 ## - LIBRARY OF CONGRESS CONTROL NUMBER
LC control number mm 79004635
040 ## - CATALOGING SOURCE
Original cataloging agency DLC
Description conventions dacs
Transcribing agency DLC
Modifying agency DLC
072 #7 - SUBJECT CATEGORY CODE
Subject category code N
Source lcmd
100 1# - MAIN ENTRY--PERSONAL NAME
Personal name Donaldson, James,
Dates associated with a name active 1837.
245 00 - TITLE STATEMENT
Title James Donaldson grant,
Inclusive dates 1837.
300 ## - PHYSICAL DESCRIPTION
Extent 1
Type of unit item.
506 0# - RESTRICTIONS ON ACCESS NOTE
Terms governing access Open to research.
546 ## - LANGUAGE NOTE
Language note Collection material in English.
580 ## - LINKING ENTRY COMPLEXITY NOTE
Linking entry complexity note Forms part of: Miscellaneous Manuscripts collection.

No items available.

Powered by Koha